Global media ethics : (Record no. 28072)

MARC details
000 -LEADER
fixed length control field 02024cam a22003495i 4500
001 - CONTROL NUMBER
control field 016191335
003 - CONTROL NUMBER IDENTIFIER
control field EG-ScBUE
005 - DATE AND TIME OF LATEST TRANSACTION
control field 20200212151404.0
008 - FIXED-LENGTH DATA ELEMENTS--GENERAL INFORMATION
fixed length control field 130322s2013 enka f b 001 0 eng d
020 ## - INTERNATIONAL STANDARD BOOK NUMBER
International Standard Book Number 9781405183918 (pbk.)
035 ## - SYSTEM CONTROL NUMBER
System control number (StEdNL)4921765
040 ## - CATALOGING SOURCE
Original cataloging agency StDuBDS
Language of cataloging eng
Description conventions rda
Transcribing agency StDuBDS
Modifying agency Uk
-- StEdNL
-- EG-ScBUE
082 04 - DEWEY DECIMAL CLASSIFICATION NUMBER
Classification number 174.930223
Item number GLO
Edition number 22
245 00 - TITLE STATEMENT
Title Global media ethics :
Remainder of title problems and perspectives /
Statement of responsibility, etc edited by Stephen J. A. Ward.
264 #1 - PUBLICATION, DISTRIBUTION, ETC. (IMPRINT)
Place of publication, distribution, etc Chichester, West Sussex, UK :
Name of publisher, distributor, etc Wiley-Blackwell / ِJohn Wiley & Sons, Ltd.,
Date of publication, distribution, etc 2013.
300 ## - PHYSICAL DESCRIPTION
Extent xiii, 326 pages :
Other physical details illustrations ;
Dimensions 26 cm
336 ## - CONTENT TYPE
Content type term text
Content type code txt
Source rdacontent
337 ## - MEDIA TYPE
Media type term unmediated
Media type code n
Source rdamedia
338 ## - CARRIER TYPE
Carrier type term volume
Carrier type code nc
Source rdacarrier
504 ## - BIBLIOGRAPHY, ETC. NOTE
Bibliography, etc Includes bibliographical references and index.
520 ## - SUMMARY, ETC.
Summary, etc "Global Media Ethics is the first comprehensive cross-cultural exploration of the conceptual and practical issues facing media ethics in a global world. A team of leading journalism experts investigates the impact of major global trends on responsible journalism. The first full-length, truly global textbook on media ethics; Explores how current global changes in media promote and inhibit responsible journalism; Includes relevant and timely ethical discussions based on major trends in journalism and global media; Questions existing frameworks in media ethics in light of the impact of global media; Contributors are leading experts in global journalism and communication."
650 #7 - SUBJECT ADDED ENTRY--TOPICAL TERM
Topical term or geographic name as entry element Journalistic ethics.
Source of heading or term BUEsh
9 (RLIN) 37793
650 #7 - SUBJECT ADDED ENTRY--TOPICAL TERM
Topical term or geographic name as entry element Mass media
General subdivision Moral and ethical aspects.
Source of heading or term BUEsh
650 #7 - SUBJECT ADDED ENTRY--TOPICAL TERM
Topical term or geographic name as entry element Mass media and globalization.
Source of heading or term BUEsh
650 #7 - SUBJECT ADDED ENTRY--TOPICAL TERM
Topical term or geographic name as entry element Journalistic ethics
Form subdivision Case studies.
Source of heading or term BUEsh
9 (RLIN) 37793
650 #7 - SUBJECT ADDED ENTRY--TOPICAL TERM
Topical term or geographic name as entry element Mass media
General subdivision Moral and ethical aspects
Form subdivision Case studies.
Source of heading or term BUEsh
650 #7 - SUBJECT ADDED ENTRY--TOPICAL TERM
Topical term or geographic name as entry element Mass media and globalization
Form subdivision Case studies.
Source of heading or term BUEsh
653 ## - INDEX TERM--UNCONTROLLED
Resource For college Communication and mass media
Arrived date list February2020
700 1# - ADDED ENTRY--PERSONAL NAME
Personal name Ward, Stephen J. A.
Fuller form of name (Stephen John Anthony),
Dates associated with a name 1951-
Relator term editor.
942 ## - ADDED ENTRY ELEMENTS (KOHA)
Source of classification or shelving scheme Dewey Decimal Classification
Koha item type Book - Borrowing
Holdings
Withdrawn status Lost status Source of classification or shelving scheme Damaged status Not for loan Collection code Home library Current library Shelving location Date acquired Source of acquisition Cost, normal purchase price Serial Enumeration / chronology Total Checkouts Total Renewals Full call number Barcode Date last seen Date checked out Cost, replacement price Price effective from Koha item type
    Dewey Decimal Classification     Baccah Central Library Central Library First floor 12/02/2020 Purchase 713.00 34025 2 2 174.930223 GLO 000048616 15/07/2025 20/05/2021 891.25 12/02/2020 Book - Borrowing